LEADER 01221nam a2200301 4500 001 000000348766 003 CaOOAMICUS 005 20211222123148.0 008 211202s1978 gw 000 u ger r 020 $a3-548-00790-2 040 $aSeMil$bita 100 1 $aChandler, Raymond,$d<1888-1959>.$0(OLS)http://semarc/name/60921 240 14$aThe simple art of murder.$0(OLS)http://semarc/title/438230 245 10$aSpanisches blut :$bkriminalstories /$cRaymond Chandler. 264 1$aFrankfurt/M ;$aBerlin ;$aWien :$bUllstein,$c1978. 300 $a172 p. ;$c18 cm 490 1 $aUllstein-Buch ;$v790 500 $aTrad. di Wilm W. Elwenspoek 541 0 $aOmaggio card. Angelo Scola (1T I 10) 830 0$aUllstein-Buch ;$v790.$0(OLS)http://semarc/title/11600 850 $aSeMil 852 $aSeMil$W1$xVenegono$y1$m1T I 10$j230992$B239866$CSeMilBibl$Z2$F239866 $81 941 1 $a6 961 $aOmaggio card. Angelo Scola 996 $6020$a3-548-00790-2$9(OLS)http://semarc/number/294784 996 $6245$aSpanisches blut :$bkriminalstories$9(OLS)http://semarc/title/438231 996 $6264$aFrankfurt/M ;$aBerlin ;$aWien :$bUllstein$9(OLS)http://semarc/publisher/60248 LEADER 01064nam a2200229 i 4500 001 000000208701 003 CaOOAMICUS 005 20111125000000.0 008 111125s1982 it u000 u fre u 013 $a187489 040 $aSeMil$bita 100 1 $aBiver, Marie Louise.$0(OLS)http://semarc/name/74854 245 13$aLe Panthéon à l'époque révolutionnaire /$cPar Marie-Louise Biver ; Préface d' Olivier Choppin de Janvry. 260 $aParis :$bPresses Universitaires de France,$ccopyr. 1982. 300 $aVIII, 131 p., [32] p. di tav. :$bill. ;$c25 cm. 500 $aContiene : Appendice ; Bibliographie. 650 4$aParigi - Pantheon - 1971-1976.$0(OLS)http://semarc/subject/39219 700 1 $aChoppin, Olivier : de Janvry.$0(OLS)http://semarc/name/74855 850 $aSeMil 852 $aSeMil$W1$xVenegono$y1$m3U V 295$j159155$B159155$CSeMilBibl$Z2$F170223 $81 996 $6245$aLe Panthéon à l'époque révolutionnaire$9(OLS)http://semarc/title/301773 996 $6260$aParis :$bPresses Universitaires de France$9(OLS)http://semarc/publisher/30047